Tribunaux Administratif

Detalles Bibliográficos
Formato: Desconocido
Lenguaje:francés
Publicado: [Francia] : [s.n.]
Materias:
Acceso en línea:Acceso restringido

MARC

LEADER 00000ny a22000003n 4500
005 2011051005095.0
008 100413s19979999fr a b i000 a fre d
035 |a 2404 
040 |a BUS  |d vLex 
090 |c 1567  |d 1567 
245 3 0 |a Tribunaux Administratif  |h [Recurso electrn̤ico] 
256 |a Servicio en ln̕ea 
260 |a [Francia] :  |b [s.n.] 
650 0 4 |a Derecho administrativo  |z Francia  |x Publicaciones perid̤icas 
650 0 4 |a Sentencias  |x Publicaciones perid̤icas 
650 0 4 |a Tribunales administrativos  |z Francia  |x Publicaciones perid̤icas 
740 0 |a vLex Revista (Servicios en ln̕ea) 
843 |a Electrn̤ica. Abierta 
853 |8 1  |i (year)  |j (month)  |k (day) 
856 4 0 |z Acceso restringido  |u http://vlex.com/account/login_ip?fuente_id=2404  
942 |c REV